Helena z Bruskich "primo voto" Bałachowska, "secundo voto" Chomaniowa (1914-2007)

Titel: Helena z Bruskich "primo voto" Bałachowska, "secundo voto" Chomaniowa (1914-2007)
Verfasser:
In: Acta cassubiana, Band 11 (2009), Seite 470-478
alle Artikel anzeigen
Veröffentlicht: 2009
Format: Aufsatz
Sprache: Polnisch
Kein Bild verfügbar
X
alg: 39417217
001A    $01999:12-11-16 
001B    $06050:10-03-26 $t09:56:29.000 
001D    $01999:12-11-16 
001U    $0utf8 
001X    $00 
002@    $0Aox 
003@    $0394172175 
007A    $0394172175 $aHEB 
007T    $0Herdkk00023698 
010@    $apol 
011@    $a2009 
021A    $aHelena z Bruskich "primo voto" Bałachowska, "secundo voto" Chomaniowa (1914-2007) 
028A    $#Borzyszkowski, Josef $#Bòrzëszkòwsczi, Józef $7103361952 $8Borzyszkowski, Józef$Z1946- [Tp1] $9138771383 
031A    $d11 $h470-478 $j2009 
039B    $aIn $8--Abvc--. Acta cassubiana. - Gdańsk : [Verlag nicht ermittelbar], 1999-. - ISSN 1509-5703 $x200900000110000530 $9099074672 
045F    $a929.09438 $eDDC23BSB 
045F/01 $a929 
045F/03 $g438 
045T    $a7,41 $a7,39 
045T    $aOST $qDE-12 $2FID 

lok: 39417217 78

exp: 39417217 78 1 #EPN
201B/01 $018-11-16 $t10:49:39.000 
201U/01 $0utf8 
203@/01 $0790282682 
208@/01 $a12-11-16 $be 
209A/01 $a/ $f000 $x00 
220C/01 $aTitelaufnehmer: pbb 
220C/01 $aHerkunft: PBB/IH PAN 
220C/01 $aAnmerkung: *uA 
244Z/01 $2Trx $#Poola $#Lenkija $#Polija $#Polen Land $#Poland $#Lengyelország $#Poľsko $#Polsko $8--Trx--Polska$gkraj $x01 $9391345966 
244Z/01 $aBałachowska-Chomaniowa Helena z Bruskich $x02 
244Z/01 $2Trx $8--Trx--Zeitschriftenaufsatz $x03 $9391384341 
245Z/01 $a12.03 $x01 
247C/01 $82080>Marburg/Lahn, Herder-Institut, Forschungsbibliothek, Bibliographieportal $9336309341
LEADER 00000caa a22000002c 4500
001 394172175
003 DE-603
005 20260310095629.0
007 tu
008 161112s2009 xx |||| | u00||u|pol c
035 |a (DE-599)HEB394172175 
040 |a DE-603  |b ger  |c DE-603  |d DE-603 
041 |a pol 
082 0 4 |8 1\u  |a 929.09438  |q DE-101  |2 23/BSB 
084 |a 7,41  |a 7,39  |2 ssgn 
084 |a OST  |q DE-12  |2 fid 
085 |8 1\u  |b 929 
085 |8 1\u  |z 2  |s 438 
100 1 |a Borzyszkowski, Józef  |d 1946-  |0 (DE-603)138771383  |0 (DE-588)103361952  |2 gnd 
245 0 0 |a Helena z Bruskich "primo voto" Bałachowska, "secundo voto" Chomaniowa (1914-2007) 
264 0 |c 2009 
773 0 8 |i In  |t Acta cassubiana  |d Gdańsk : [Verlag nicht ermittelbar], 1999-  |x 1509-5703  |g Band 11 (2009), Seite 470-478  |w (DE-603)099074672  |w (DE-600)2050525-5 
924 0 |9 2080  |a (DE-603)790282682  |b DE-2080  |c HES  |d d  |g /